| 000 | 00987pam a2200277 i 4500 | ||
|---|---|---|---|
| 001 | 848756 | ||
| 003 | EG-ScBUE | ||
| 005 | 20250709092028.0 | ||
| 008 | 781218s1979 nyua f b 001 0 eng d | ||
| 020 | _a0122101502 | ||
| 040 |
_aDLC _beng _erda _cDLC _dDLC _dEG-ScBUE |
||
| 082 | 0 | 4 |
_a541.395 _222 _bSPE |
| 245 | 0 | 0 |
_aSpectroscopy in heterogeneous catalysis / _cW. Nicholas Delgass, School of Chemical Engineering, Purdue University, West Lafayette, Indiana. |
| 264 | 1 |
_aNew York : _bAcademic Press, _c1979. |
|
| 300 |
_ax, 341 pages : _billustrations ; _c23 cm |
||
| 336 |
_2rdacontent _atext _btxt |
||
| 337 |
_aunmediated _2rdamedia _bn |
||
| 338 |
_avolume _bnc _2rdacarrier |
||
| 504 | _aIncludes bibliographical references and index. | ||
| 650 | 7 |
_aCatalysts _xAnalysis. _2BUEsh _97139 |
|
| 650 | 7 |
_aSpectrum analysis. _2BUEsh _97140 |
|
| 650 | 7 |
_97141 _aHeterogeneous catalysis. _2BUEsh |
|
| 655 | _vReading book | ||
| 700 | 1 |
_aDelgass, W. Nicholas, _eauthor. _97142 |
|
| 942 |
_2ddc _cBB |
||
| 999 |
_c12087 _d12087 |
||